| 000 | 00692nam a2200241 a 4500 | ||
|---|---|---|---|
| 008 | |||
| 020 | _a9781412921930 (pbk.) | ||
| 049 | _aMAIN | ||
| 090 |
_aLB1050 _bBAR |
||
| 100 | 1 | _aBartlett, Steve. | |
| 245 | 1 | 0 |
_aIntroduction to education studies / _cSteve Bartlett and Diana Burton. |
| 250 | _a2nd ed. | ||
| 260 |
_aLondon : _bSage publication, _c2007. |
||
| 300 |
_avii, 278 p. ; _c24 cm. |
||
| 504 | _aIncludes bibliographical reference. | ||
| 500 | _aIncludes index. | ||
| 700 | _aBurton, Diana. | ||
| 907 |
_a.b10259880 _b07-05-13 _c03-02-09 |
||
| 003 | |||
| 005 | 20230123125454.0 | ||
| 040 | _cNUST | ||
| 942 |
_cBOOKS _kLB1050 _mBAR |
||
| 999 |
_c142121 _d142121 |
||